West Virginia Football: Top 10 All-Time Leaders - Statistics

General Stats
  • This quiz has been taken 13 times
  • The average score is 14 of 48
Answer Stats
Category # Player Amount % Correct
Passing Yards 1 Geno Smith 11,662
100%
Passing Yards 6 Pat White 6,049
82%
Rushing Yards 2 Pat White 4,480
82%
Receiving Yards 1 Tavon Austin 3,413
82%
Sacks 4 Dante Stills 23.5
64%
Passing Yards 10 Garrett Greene 5,370
64%
Passing Yards 3 Will Grier 7,354
64%
Sacks 3 Gary Stills 26.0
55%
Passing Yards 4 Skyler Howard 7,302
55%
Rushing Yards 5 Steve Slaton 3,923
55%
Receiving Yards 6 Gary Jennings Jr. 2,294
45%
Rushing Yards 6 Leddie Brown 2,888
36%
Passing Yards 2 Marc Bulger 8,153
36%
Rushing Yards 3 Noel Devine 4,315
36%
Receiving Yards 2 Stedman Bailey 3,218
36%
Rushing Yards 10 Wendell Smallwood 2,462
36%
Rushing Yards 7 Artie Owens 2,648
27%
Rushing Yards 1 Avon Cobourne 5,164
27%
Sacks 5 Bruce Irvin 22.5
27%
Rushing Yards 9 Quincy Wilson 2,608
27%
Passing Yards 9 Rasheed Marshall 5,558
27%
Receiving Yards 8 Sam James 2,229
27%
Rushing Yards 4 Amos Zereoué 4,086
18%
Receiving Yards 7 Daikiel Shorts 2,263
18%
Tackles 2 Darryl Talley 484
18%
Sacks 8 Darryl Talley 19.0
18%
Passing Yards 5 Jarret Doege 6,453
18%
Passing Yards 8 Oliver Luck 5,765
18%
Rushing Yards 8 Robert Walker 2,620
18%
Interceptions T1 Aaron Beasley 20
9%
Interceptions T3 Bob Snider 15
9%
Sacks 1 Canute Curtis 34.5
9%
Passing Yards 7 Chad Johnston 5,954
9%
Receiving Yards 3 David Saunders 2,608
9%
Tackles 3 Dennis Fowlkes 459
9%
Tackles 1 Grant Wiley 492
9%
Tackles 5 Jeff Macerelli 432
9%
Receiving Yards 10 Jock Sanders 1,980
9%
Sacks 2 Julian Miller 27.5
9%
Receiving Yards 4 Khori Ivy 2,402
9%
Receiving Yards 9 Rahsaan Vanderpool 2,022
9%
Sacks 6 Renaldo Turnbull 22.0
9%
Receiving Yards 5 Shawn Foreman 2,347
9%
Tackles 4 Steve Grant 445
9%
Sacks 7 Steve Hathaway 20.0
9%
Interceptions T1 Steve Newberry 20
9%
Interceptions T3 Tim Agee 15
9%
Interceptions T3 Tom Pridemore 15
9%
No matching quizzes found
Score Distribution
Percent of People with Each Score
Percentile by Number Answered
Your Score History
You have not taken this quiz